Russian History Revision - 2 - Statistics

General Stats
  • This quiz has been taken 26 times
  • The average score is 5 of 25
Answer Stats
Question Answer % Correct
What war that lasted from 1853 to 1856 and demonstrated the weakness in the Russian army? Crimean War
95%
By 1859, how many people in the University of Moscow were exempt from university fees as a result of the governments decision to exempt the poor from fees? 2/3
79%
What modern day country was given its own currency and parliament under Alexander II's reign, leading to him being referred to as the father of this nation? Finland
58%
How many women were in university by 1881? 2000
42%
What was created in 1864 to administrate districts and provinces? Their responsibilities included public health, prisons, roads and agriculture. Members of these bodies were chosen by three electoral colleges being the peasantry, gentry and townspeople (though the village elders chose on behalf of the peasantry). Zemstva
42%
What is the term given to an individual who believes that a return to Russia's glorious past with a social structure comparable to the 1600s is necessary to advance Russia? Slavophile
37%
When did the first schools in Russia offer girls non-vocational education? 1870
32%
What was created in towns and cities in 1870 that acted similarly to the above feature of Russian government? It included elections however, only those who paid tax or were on a property register were entitled to vote. Dumas
21%
Who acted as a secret police that operated almost entirely outside of the law? The Third Section
21%
How long did every man over the age of 20 have to serve as a conscript? Consider that after this it was followed by nine years in the reserve and five in the militia. 6 Years
16%
When was the State Bank founded, which made it easier for Russians to raise money for business enterprises? 1860
11%
By 1864, how many newspapers were licensed? Consider that it was 6 in 1854. 66
11%
What was introduced into criminal cases? Juries
11%
What is the term given to an individual who believes that Russia needs to embrace Western ideals and philosophy? Westernisers
11%
What was the size of the Russian population in 1897? Consider that it was 70 million in 1855 and the unsustainable population growth placed a great strain on scarce resources. 126 Million
5%
At the start of Alexander's reign, what percentage of government expenditure was spent on the military and servicing loans? 62%
5%
Who no longer had to gain approval for their texts after a relaxation on the censorship laws in 1865? Editors
5%
Who set up the Naphtha Extraction Company in 1879 to exploit the oil reserves in the Caucasus? The Nobel Brothers
5%
How much did the industrial workforce increase to by 1887? Consider that it was 860,000 in 1855. 1.3 Million
0%
How many miles long was the Russian rail network by 1881? Consider that it was 2,200 in 1856. 14,200
0%
In 1860, how many km of railway did Russia have? Consider that the UK had 15,000km at the time. 1600 km
0%
From 1874 to 1894, how many men in the armed forces learned the basics of reading and writing? 3 Million
0%
What was the production of tonnes of coal in 1887? Consider that it was 300,000 in 1860. 4.4 Million
0%
What was the military reserve raised to by 1870? Consider that it was 210,000 in 1856. 553,000
0%
Who controlled the police, rather than it being devolved to local government bodies? The Ministry of the Interior
0%
No matching quizzes found
Score Distribution
Percent of People with Each Score
Percentile by Number Answered
Your Score History
You have not taken this quiz